000 nam a22 7a 4500
999 _c3050
_d3050
005 20170519103112.0
008 170519b1972 ny ||||| |||| 00| 0 eng d
020 _a0814452647
040 _aAKMAL
082 _a658.3 DES
090 _a658.3
_bDES
100 1 _aDesatnick, Robert L.
_96342
245 1 0 _aInnovative human resource management /
_c[by] Robert L. Desatnick.
260 _a[New York]
_bAmerican Management Association
_c[1972]
300 _a 208 p.
_bforms.
_c24 cm
500 _aIncludes index
650 0 _a Personnel management
_9602
942 _2ddc
_cBOOK